Gründung der Domowina

Titel: Gründung der Domowina : Hoyerswerda 13. Oktober 1912 / Ruth Thiemann
Verfasser:
Ausgabe: 1. Aufl.
Veröffentlicht: Bautzen : Domowina, 1987
Umfang: 36 S. : Ill.
Format: Buch
Sprache: Deutsch
Schriftenreihe/
mehrbändiges Werk:
Bilder aus dem Leben der Sorben
RVK-Notation:
Schlagworte:
Andere Ausgaben: Niedersorb. Ausg. u.d.T.: ˜Thiemann, Ruth:œ Njeźelu, dnja 13. oktobra 1912, su załožyli Domowinu
ISBN: 3742000926
Buchumschlag
X
Lokale Klassifikation: 17 15 B
alg: 756381
001A    $06000:04-08-87 
001B    $01999:28-04-23 $t18:42:07.000 
001C    $06060:27-01-16 $t05:07:31.000 
001D    $09999:99-99-99 
001U    $0utf8 
001X    $00 
002@    $0Aaxc 
003@    $0007563817 
003O    $020566604 $aOCoLC 
004A    $03-7420-0092-6 
006G    $0870912534 
006U    $087,A33,1389 
007A    $0870912534 $aDNB 
007T    $0Herdhh007563817 
010@    $ager 
011@    $a1987 $n1987 
015@    $00 
021A    $a@Gründung der Domowina $dHoyerswerda 13. Oktober 1912 $hRuth Thiemann 
027A    $aHoyerswerda, 13. Oktober 1912 
028A    $D20220215 $Ecgwrk $71130248585 $8Thiemann, Ruth$Z1941- [Tp3] $9402386906 
032@    $a1. Aufl. 
033A    $pBautzen $nDomowina 
034D    $a36 S. 
034M    $aIll. 
036G    $aBilder aus dem Leben der Sorben 
039D    $aNiedersorb. Ausg. u.d.T. $cThiemann, Ruth: @Njeźelu, dnja 13. oktobra 1912, su załožyli Domowinu 
041A    $#Domowina, Bund Lausitzer Sorben e.V. $#Domowina Domowina, Bund Lausitzer Sorben $#Bund Lausitzer Sorben $#Domowina, Zwězk Łužyskich Serbow $#Domowina, Zwjazk Łužiskich Serbow $#Zwězk Łužyskich Serbow $#Zwjazk Łužiskich Serbow $72009021-3 $8Domowina, Bund Lausitzer Sorben [Tb1] $9042647282 
045B    $a943.100491880060431 $eDDC20oclc 
045E    $a63 
045F    $a370.943151 $eDDC23BSB 
045F/01 $a370.9 
045F/03 $g43151 
045F/03 $g4385 
045Z    $8KQ 4020 [Tkv] $9409297763 

lok: 756381 15
101B    $010-03-05 $t08:29:38.000 
145S/01 $a05000 
145Z/01 $aXII F 233 DFS 66V 
101U    $0utf8 

exp: 756381 15 1 #EPN
201B/01 $010-12-02 $t16:22:09.816 
203@/01 $0081668716 
208@/01 $a09-03-92 $bh 
209A/01 $a-Mag- C:K 620 $du $f100 $h-MAG- C K 620 $x00 
209C/01 $a90/1527 $h90 1527 
209G/01 $a01211021 $x00 
247C/01 $8655100-2 <123>Worms, Stadtbibliothek Worms $9102600732 
201U/01 $0utf8 

lok: 756381 24
101B    $003-12-02 $t14:00:46.871 
101C    $024-07-97 
145Z/01 $a17 15 B 
101U    $0utf8 

exp: 756381 24 1 #EPN
201B/01 $010-12-02 $t16:22:09.928 
201C/01 $024-07-97 
203@/01 $0113771738 
208@/01 $a24-07-97 $bz 
209A/01 $aS 14935 $du $f050 $hS 14935 $x00 
209C/01 $a%87 3086 T% 
209G/01 $a70080168 $x00 
247C/01 $8358050-7 Marburg, Bibliothek des Herder-Instituts Marburg $9102600961 
201U/01 $0utf8 

lok: 756381 78

exp: 756381 78 1 #EPN
201B/01 $019-04-17 $t17:19:21.000 
201U/01 $0utf8 
203@/01 $0793645409 
208@/01 $a12-11-16 $be 
209A/01 $a/ $f000 $x00 
220C/01 $aAnmerkung: *kko 
237A/01 $aweiterführende Signatur(en): Herder-Institut: S 14935 
244Z/01 $2Trx $#Silesia $#Śląsk $#Sliezsko $#Slezsko $8--Trx--Schlesien $x01 $9391173987 
244Z/01 $2Trx $#Germania Slavica $#"Germania Slavica" $#Germania Slavica $#Germania Slavica $#Germania Slavica $#Germania Slavica $#Germania Slavica $8--Trx--Germania Slavica $x02 $9391371002 
244Z/01 $2Trx $8--Trx--Monographie $x03 $9391384546 
245Z/01 $a11.05 $x01 
247C/01 $82080>Marburg/Lahn, Herder-Institut, Forschungsbibliothek, Bibliographieportal $9336309341 

lok: 756381 205

exp: 756381 205 1 #EPN
201B/01 $008-03-06 $t15:11:18.000 
203@/01 $0041464311 
208@/01 $a15-08-88 $bh 
209A/01 $aES 1783 Kapselschrift $ds $f406 $x00 
209B/01 $a97 $x05 
209C/01 $a87 F 205 $h87 F 205 
247C/01 $8351406-7 <4/406>Marburg, Universität Marburg, Bibliothek des Hessischen Instituts für Landesgeschichte, Abt. Forschungsstelle für geschichtliche Landeskunde Mitteldeutschlands $9102595453 
201U/01 $0utf8
LEADER 00000cam a22000002c 4500
001 007563817
003 DE-603
005 20230428184207.0
007 tu
008 870804s1987 xx |||| | u00||u|ger
015 |a 87,A33,1389  |2 dnb 
016 7 |2 DE-101  |a 870912534 
020 |a 3742000926 
035 |a (DE-599)DNB870912534 
035 |a (OCoLC)20566604 
040 |a DE-603  |b ger  |c DE-603  |d DE-603 
041 |a ger 
082 0 4 |8 1\u  |a 370.943151  |q DE-101  |2 23/BSB 
083 7 |a 943.100491880060431  |2 20/oclc 
084 |a 63  |q DE-101  |2 sdnb 
084 |a KQ 4020  |0 (DE-625)82556:  |0 (DE-603)409297763  |2 rvk 
085 |8 1\u  |b 370.9 
085 |8 1\u  |z 2  |s 43151 
085 |8 1\u  |z 2  |s 4385 
100 1 |a Thiemann, Ruth  |d 1941-  |0 (DE-603)402386906  |0 (DE-588)1130248585  |2 gnd 
245 0 0 |a Gründung der Domowina  |b Hoyerswerda 13. Oktober 1912  |c Ruth Thiemann 
246 1 3 |a Hoyerswerda, 13. Oktober 1912 
250 |a 1. Aufl. 
264 1 |a Bautzen  |b Domowina  |c 1987 
300 |a 36 S.  |b Ill. 
490 0 |a Bilder aus dem Leben der Sorben 
610 1 7 |a Domowina, Bund Lausitzer Sorben  |2 gnd  |0 (DE-588)2009021-3  |0 (DE-603)042647282 
776 0 8 |i Niedersorb. Ausg. u.d.T.  |t ˜Thiemann, Ruth:œ Njeźelu, dnja 13. oktobra 1912, su załožyli Domowinu 
924 0 |9 123  |a (DE-603)081668716  |b DE-123  |c HES  |d c  |g -Mag- C:K 620 
924 0 |9 Mb 50  |a (DE-603)113771738  |b DE-Mb50  |c HES  |d c  |g S 14935 
924 0 |9 2080  |a (DE-603)793645409  |b DE-2080  |c HES  |d d  |g / 
924 0 |9 4/406  |a (DE-603)041464311  |b DE-4-406  |c HES  |d d  |g ES 1783 Kapselschrift